Gaming Quiz

Random Gaming or Video Games Quiz

5 highest-rated videogames by developers Quiz Stats

 Plays Quiz not verified by Sporcle

Score 0/60 Timer 06:00
0 Plays Today
% Correct
Grand Theft Auto IV
73.7%
Final Fantasy VII
71.3%
Grand Theft Auto III
71.3%
World of Warcraft: Wrath of the Lich King
70.7%
Grand Theft Auto: San Andreas
65.7%
Final Fantasy IX
61.2%
Halo: Combat Evolved
57.5%
Starcraft
53.9%
Final Fantasy III
53.2%
Halo 3
51.8%
Halo 2
51.7%
Sonic the Hedgehog 2
46.4%
Uncharted: Drake's Fortune
44.5%
Starcraft II: Wings of Liberty
44%
Metal Gear Solid
43.2%
Warcraft III: Reign of Chaos
42.9%
Red Dead Redemption
40.8%
The Legend of Zelda: Ocarina of Time
40.2%
Uncharted 2: Among Thieves
40%
Super Mario Galaxy
39.2%
Sonic the Hedgehog 3
39%
Metal Gear Solid 2: Sons of Liberty
37.8%
Warcraft II: Tides of Darkness
37.6%
Metal Gear Solid 4: Guns of the Patriots
37.4%
Street Fighter IV
30.8%
Super Mario World
30.1%
Super Mario Galaxy 2
29.6%
Resident Evil 4
29.2%
Crash Bandicoot 3: Warped
27.9%
Chrono Trigger
26.4%
% Correct
Jak and Daxter: The Precursor Legacy
25.9%
Ratchet & Clank
25.6%
Tekken 3
19.4%
Ratchet & Clank: Up Your Arsenal
19.3%
Ratchet & Clank: Going Commando
18.8%
Tekken 2
18%
The Legend of Zelda: Twilight Princess
18%
Tekken 5
17.2%
Castlevania: Symphony of the Night
16.6%
Chrono Cross
14.8%
Gears of War
14.8%
SoulCalibur
13.5%
Gears of War 2
13.1%
SoulCalibur II
12.3%
Crash Team Racing
11.6%
Grand Theft Auto: Chinatown Wars
8.5%
Devil May Cry
8.2%
Spyro: Year of the Dragon
7.8%
Sonic CD
5.4%
Resident Evil Code: Veronica
4.1%
Okami
3.7%
Ratchet & Clank Future: Tools of Destruction
3.6%
Colin McRae Rally 2.0
3%
Colin McRae Rally 3
2.1%
Operation Flashpoint: Cold War Crisis
1.8%
Colin McRae Rally 04
1.7%
Metal Gear Solid: Ghost Babel
1.1%
Streets of Rage II
0.9%
Shinobi III: Return of the Ninja Master
0.9%
TOCA Race Driver 2
0.9%

You're not logged in!

Compare scores with friends on all Sporcle quizzes.
OR
Log In

Sporcle TV

Today on Sporcle TV


Watch our educational content, quiz creation guides, and fun videos on Sporcle TV.

Show Comments

Extras

Top Quizzes Today


Score Distribution

Your Account Isn't Verified!

In order to create a playlist on Sporcle, you need to verify the email address you used during registration. Go to your Sporcle Settings to finish the process.

Report this User

Report this user for behavior that violates our Community Guidelines.

Details: